000 01574nam0a2200337 4500
001 RU\NLR\bibl\1220979
005 20260405161622.0
021 _aRU
_b2008-16776
_9915
035 _a(NLR Aleph) 001207333
090 _a55960
_c55960
100 _a20080428d2007 |||y0rusy50 ca
101 0 _arus
_deng
102 _aRU
105 _aa |||||||||
200 1 _aФормирование ядерных треков под действием осколков деления
_fИ.В. Дунаева, М.В. Дунаев, Н.Н. Семенова [и др.]
210 _aОбнинск
_cГНЦ РФ - Физико-энергетический институт
_d2007
215 _a11 с.
_cграф.
_d21
225 1 _aПрепринт
_fФедер. агентство по атом. энергии, Гос. науч. центр РФ - Физ.-энерг. ин-т им. А.И. Лейпунского
_vФЭИ-3102
300 _aРез. на англ. яз.
313 _aтрековые мембраны
320 _aБиблиогр.: с. 11 (12 назв.)
606 1 _aТрековые мембраны
_92117725
_3RU\NLR\auth\661279160
686 _aЗ844.1
701 1 _4070
_8rus
_7ca
_aДунаева
_bИ. В.
_3RU\NLR\auth\7768056
_950984
701 1 _4070
_8rus
_7ca
_aДунаев
_bМ. В.
_gМихаил Владимирович
_3RU\NLR\auth\7768057
_950985
701 1 _4070
_8rus
_7ca
_aСеменова
_bН. Н.
_cфизик
_3RU\NLR\AUTH\7768058
_950986
801 0 _aRU
_bNLR
_c20080428
_gRCR
801 1 _aRU
_bNLR
_c20080428
942 _cBOOK
980 _aNB